[Event "Carabobo-ch Expertos y Maestros"]
[Site "Valencia"]
[Date "2016.10.01"]
[Round "2.5"]
[White "Gonzalez Sysak, Stashik Nicolay"]
[Black "Ortega Ynojosa, Richard Junior"]
[Result "0-1"]
[WhiteElo "1837"]
[BlackElo "2006"]
[PlyCount "60"]
[EventDate "2016.10.01"]
[EventType "swiss"]
[EventRounds "5"]
[EventCountry "VEN"]
[SourceTitle "EXT 2022"]
[Source "ChessBase"]
[SourceDate "2021.10.06"]
[SourceVersion "1"]
[SourceVersionDate "2021.10.06"]
[SourceQuality "1"]

1. e4 e5 2. Nf3 Nc6 3. Bc4 Bc5 4. d3 Nf6 5. Nc3 d6 6. Be3 Bxe3 7. fxe3 Na5 8. Bb3 Nxb3 9. axb3 c6 10. 0-0 0-0 11. Qe1 Nh5 12. Qh4 Qxh4 13. Nxh4 g6 14. Rf2 Be6 15. Raf1 b5 16. Ne2 a5 17. Ra1 Kg7 18. Kf1 Nf6 19. h3 Nd7 20. d4 Nf6 21. Ng3 a4 22. bxa4 bxa4 23. Nf3 Rfb8 24. c3 Rb5 25. Kg1 Bc4 26. Rd2 h5 27. Kh2 Bb3 28. Rf2 h4 29. Nxh4 Rh8 30. Raf1 Bc4 0-1

[Event "Carabobo-ch Expertos y Maestros"]
[Site "Valencia"]
[Date "2016.10.01"]
[Round "3.2"]
[White "Ortega Ynojosa, Richard Junior"]
[Black "Perez Camejo, Jesus"]
[Result "1/2-1/2"]
[WhiteElo "2006"]
[BlackElo "2160"]
[PlyCount "91"]
[EventDate "2016.10.01"]
[EventType "swiss"]
[EventRounds "5"]
[EventCountry "VEN"]
[SourceTitle "EXT 2022"]
[Source "ChessBase"]
[SourceDate "2021.10.06"]
[SourceVersion "1"]
[SourceVersionDate "2021.10.06"]
[SourceQuality "1"]

1. d4 Nf6 2. c4 e6 3. Nf3 d5 4. Nc3 Bb4 5. e3 0-0 6. Qb3 Nc6 7. Bd2 a6 8. Bd3 dxc4 9. Qxc4 Qe7 10. a3 Bd6 11. e4 b5 12. Qxc6 Bd7 13. Qxa8 Rxa8 14. e5 Bc6 15. Ng5 h6 16. Nge4 Nxe4 17. Bxe4 Bxe4 18. Nxe4 Qh4 19. Ng3 Bf8 20. Be3 b4 21. 0-0 Qd8 22. Rfc1 bxa3 23. bxa3 Rb8 24. Rc3 Qd7 25. Ne4 a5 26. Rac1 Rb7 27. h3 Qa4 28. Kh2 Qd7 29. R1c2 Qd5 30. Nd2 a4 31. Rc4 Ra7 32. R2c3 f5 33. g4 g5 34. gxf5 exf5 35. f4 g4 36. hxg4 fxg4 37. f5 Rb7 38. Rc6 Rb2 39. Rg6+ Kh7 40. Rxc7+ Kh8 41. Rc8 Qf3 42. Rxf8+ Kh7 43. Rf7+ Kh8 44. Rf8+ Kh7 45. Rf7+ Kh8 46. Rf8+ 1/2-1/2

[Event "Acarigua Darroman Cotilla Memorial"]
[Site "Acarigua"]
[Date "2016.09.25"]
[Round "6.3"]
[White "Ortega Ynojosa, Richard Junior"]
[Black "Franco Martinez, Franvier Jose"]
[Result "1-0"]
[WhiteElo "2006"]
[BlackElo "2076"]
[PlyCount "73"]
[EventDate "2016.09.23"]
[EventType "swiss"]
[EventRounds "6"]
[EventCountry "VEN"]
[SourceTitle "EXT 2022"]
[Source "ChessBase"]
[SourceDate "2021.10.06"]
[SourceVersion "1"]
[SourceVersionDate "2021.10.06"]
[SourceQuality "1"]

1. c4 Nf6 2. Nf3 g6 3. g3 Bg7 4. Bg2 0-0 5. 0-0 c5 6. Nc3 Nc6 7. d4 d6 8. d5 Nd4 9. Nxd4 cxd4 10. Qxd4 Ng4 11. Qd2 Bd7 12. a4 Qb6 13. Qc2 Qb4 14. Na2 Qxa4 15. b3 Qa6 16. Bb2 Bxb2 17. Qxb2 Qb6 18. Nc1 f5 19. Nd3 f4 20. Nxf4 g5 21. Nd3 Rf6 22. h3 Nh6 23. e4 Raf8 24. b4 a6 25. Qc3 Qd8 26. c5 Qe8 27. e5 dxe5 28. Nxe5 Bb5 29. Rfe1 Qh5 30. c6 g4 31. Nxg4 Nxg4 32. hxg4 Qxg4 33. Rxe7 Rxf2 34. cxb7 Be2 35. Bh3 R2f3 36. Bxg4 Rxc3 37. Rxe2 1-0